000 00632nam a22001937a 4500
005 20140214161222.0
010 _aENG-108569
020 _a9788123767611
_c110.00
020 _a8123767617
_c110.00
035 _aEN-92102
037 _bDBAD/PUB
082 _a954.130350924
245 _aSelected writings of Madhusudan Das /
_cedited by Pritish Acharya
260 _aNew Delhi
_bNational Book Trust
_c2013
270 _aNehru Bhawan, 5 Institutional Area, Phase-II Vasant Kunj
_bNew Delhi
_e110070
300 _axxxii, 240p.
_c24cm (pbk)
700 _aPritish Acharya
942 _2ddc
_cEN
_mSEL
_h954.130350924
999 _c79654
_d79654